The most beautiful countries in Europe - Statistics

General Stats
  • This quiz has been taken 39 times
  • The average score is 11 of 15
Answer Stats
Answer % Correct
France
97%
Italy
95%
Norway
95%
Sweden
95%
Finland
87%
UK
85%
Ireland
82%
switzerland
82%
Portugal
77%
Germany
74%
Russia
74%
Netherlands
67%
Hungary
44%
Bulgaria
38%
Belarus
10%
No matching quizzes found
Score Distribution
Percent of People with Each Score
Percentile by Number Answered
Your Score History
You have not taken this quiz